KOHA-Header-6

Data And Computer Communications (Record no. 9271)

000 -LEADER
fixed length control field 00248nam a2200109Ia 4500
020 ## - INTERNATIONAL STANDARD BOOK NUMBER
ISBN 978-0132433105
100 ## - MAIN ENTRY--AUTHOR NAME
Personal name William Stallings
245 #0 - TITLE STATEMENT
Title Data And Computer Communications
260 ## - PUBLICATION, DISTRIBUTION, ETC. (IMPRINT)
Place of publication New Delhi
Name of publisher Addison
Year of publication 2002
300 ## - PHYSICAL DESCRIPTION
Number of Pages 781
942 ## - ADDED ENTRY ELEMENTS (KOHA)
Koha item type Books
Holdings
Withdrawn status Lost status Collection code Permanent Location Current Location Shelving location Date acquired Full call number Accession Number Koha item type
    Computer Networking MAJU MAJU   2019-09-14 519.5 4816 Computer Networking

Powered by Koha